| 000 | 02701nam a2200241Ia 4500 | ||
|---|---|---|---|
| 003 | Ost | ||
| 005 | 20260507075318.0 | ||
| 008 | 260507s9999||||xx |||||||||||||| ||und|| | ||
| 020 | _a21724229779 | ||
| 040 | _cfsecg | ||
| 041 | _aara | ||
| 082 | _a338.82 | ||
| 100 |
_aالنجار، فريد راغب _eمؤلف |
||
| 245 | 0 |
_aالحروب التجارية المعاصرة / _c فريد راغب النجار |
|
| 260 |
_aالاسكندرية: _bالدار الجامعية, _c2011 |
||
| 300 |
_a591 صفحة؛ _bإيضاحات ؛ _c25 سم |
||
| 504 | _aفهرس الاشكال ص.21 مراجع ص.587 | ||
| 520 | _aالتقديم – القسم الأول : تطور الحروب التجارية : الفصل الأول : تاريخ الحروب التجارية :الفصل الثانى : اتساع نطاقات الحروب التجارية : الفصل الثالث : فروع الحروب التجارية : الفصل الرابع : الحروب التجارية الأوربية للدول الأسلامية – القسم الثانى : هياكل الحروب التجارية:الفصل الخامس :مزيج الحروب التجارية بالدول العربية : الفصل السادس : الآداء التجارى العربى المنخفض والحروب التجارية :الفصل السابع :الحروب التجارية وعولمة الأسواق والذواق :الفصل الثامن : تاريخ الأطماع الأجنبية فى أسواق الخليج العربى – القسم الثالث :سلوكيات الحروب التجارية :الفصل التاسع:تحليل سلوك المستهلك فى ظل العولمة والحروب التجارية : الفصل العاشر : الحروب التجارية وضرورة إعادة هيكلة الشركات العربية :الفصل الحادى عشر :ضرورة تجديد الأسواق العربية لمواجهة الحروب التجارية :الفصل الثانى عشر : آثار منظمة التجارة العالمية على الصناعة العربية – القسم الرابع : التجارة بدون حروب تجارية : الفصل الثالث عشر :نهاية العولمة والحروب التجارية : الفصل الرابع عشر : إنهيار أقتصاد السوق ونموذج حوكمة العولمة : الفصل الخامس عشر : الحروب التجارية المحلية : الفصل السادس عشر : حالات عملية فى التجارة بدون حروب | ||
| 653 | _aالإستراتيجية التنافسية | ||
| 653 | _aالتجارة | ||
| 653 | _aالسياسة التجارية | ||
| 942 | _cكتاب | ||
| 999 |
_c43907 _d43907 |
||